<?xml version="1.0" encoding="UTF-8"?>
<marc:record xmlns:marc="http://www.loc.gov/MARC21/slim">
   <marc:leader>00000nam a2200000 a 4500</marc:leader>
   <marc:datafield ind1="1" ind2=" " tag="100">
      <marc:subfield code="a">Exner, Karen</marc:subfield>
      <marc:subfield code="4">aut</marc:subfield>
      <marc:subfield code="e">Verfasser/-in</marc:subfield>
   </marc:datafield>
   <marc:datafield ind1=" " ind2=" " tag="653">
      <marc:subfield code="a">Bildband</marc:subfield>
   </marc:datafield>
   <marc:datafield ind1=" " ind2=" " tag="653">
      <marc:subfield code="a">Bilderbücher</marc:subfield>
   </marc:datafield>
   <marc:datafield ind1="0" ind2="0" tag="245">
      <marc:subfield code="a">Hüte und andere Kopfbedeckungen aus aller Welt</marc:subfield>
   </marc:datafield>
   <marc:datafield ind1="0" ind2="0" tag="245">
      <marc:subfield code="c">Karen Exner</marc:subfield>
   </marc:datafield>
   <marc:datafield ind1=" " ind2="1" tag="264">
      <marc:subfield code="a">Hamburg</marc:subfield>
      <marc:subfield code="b">Carlsen</marc:subfield>
      <marc:subfield code="c">2024</marc:subfield>
   </marc:datafield>
   <marc:datafield ind1=" " ind2=" " tag="250">
      <marc:subfield code="a">Originalausgabe</marc:subfield>
   </marc:datafield>
   <marc:datafield ind1="1" ind2=" " tag="520">
      <marc:subfield code="a">Was verraten Kopfbedeckungen über uns?  #Überall auf der Welt kommen Menschen auf die Idee, sich etwas auf den Kopf zu setzen: aus religiösen Gründen, um sich vor Blicken zu schützen, um Blicke auf sich zu ziehen, aus Zierde, aus Sicherheitsaspekten, zur Tarnung, zum Zwecke der Repräsentation. Der Hut oder die Kopfbedeckung auf unserem Haupt ist immer verbunden mit einem gewissen Zweck, einem Statement oder einer Aussage. #Pointiert und mit einem erstklassigen Gespür für ästhetisches und thematisches Arrangement wählt Karen Exner Kopfbedeckungen aus, die sie einander auf Doppelseiten gegenüberstellt und beschreibt. Diese Rhythmik wird immer wieder durchbrochen, z.B. durch atmosphärische erzählende Illustrationen oder durch Seiten, auf denen unterschieldiche Varianten einer Kopfbedeckung gezeigt und erklärt werden. #Die bewusste Gegenüberstellung von Kopfbedeckungen macht neben der Abbildung der kulturellen Vielfalt gleichzeitig anschaulich, was uns alle verbindet.  Gewinnertitel des Hamburger Bilderbuchpreises 2023 Hüte &amp; andere Kopfbedeckungen zeigen: so divers ist unsere Welt Lehrreich, inklusiv, vielfältig Prächtige Farben, auffällige Optik  dieses Buch ist ein absoluter Hingucker!  #Ein beeindruckendes Sachbilderbuch für Kinder und Erwachsene, das inhaltlich, haptisch und optisch auf ganzer Linie überzeugt!&amp;nbsp;</marc:subfield>
   </marc:datafield>
   <marc:datafield ind1=" " ind2=" " tag="020">
      <marc:subfield code="a">9783551522917</marc:subfield>
      <marc:subfield code="9">9783551522917</marc:subfield>
   </marc:datafield>
   <marc:datafield ind1=" " ind2=" " tag="041">
      <marc:subfield code="a">ger</marc:subfield>
   </marc:datafield>
   <marc:datafield ind1=" " ind2=" " tag="300">
      <marc:subfield code="a">79 Seiten</marc:subfield>
   </marc:datafield>
</marc:record>
